| 000 | 00000nam##2200000za#4500 |
| 001 | 9.697043 |
| 003 | CaOODSP |
| 005 | 20210624235315 |
| 007 | cr ||||||||||| |
| 008 | 150407|1995||||xxc|||||o f|0| 0 eng|d |
| 040 | |aCaOODSP|beng |
| 043 | |an-cn--- |
| 086 | 1 |aCS92-N0051/1995E-PDF |
| 245 | 00|aQualitative evaluation of the Census form 3 : |h[electronic resource]|breport on results and recommendations |
| 260 | |aOttawa - Ontario : |bStatistics Canada |c1995. |
| 500 | |aHistorical census publication digitized by Statistics Canada. |
| 590 | |a12-44-Supp|b2012-12-13 |
| 690 | 07|aCensus|2gcpds |
| 690 | 07|aTesting|2gcpds |
| 710 | 2 |aStatistics Canada. |
| 856 | 40|ahttp://publications.gc.ca|qPDF|s1935 KB|uhttps://publications.gc.ca/collections/collection_2012/statcan/rh-hc/CS92-N0051-1996-eng.pdf |